Logo BPK

Biblioteka

Politechniki Koszalińskiej

Nowa encyklopedia powszechna PWN / (Rekord nr 30971)

Szczegóły MARC
000 -ETYKIETA REKORDU
podpole kontrolne o stałej długości 00686nam a2200217 i 4500
001 - NUMER KONTROLNY REKORDU
pole kontrolne bg
020 ## - MIĘDZYNARODOWY ZNORMALIZOWANY NUMER KSIĄŻKI - ISBN
ISBN 8301119659 (t. 2)
020 ## - MIĘDZYNARODOWY ZNORMALIZOWANY NUMER KSIĄŻKI - ISBN
ISBN 830111097X (6 t.)
040 ## - ŹRÓDŁO KATALOGOWANIA
Instytucja, która utworzyła rekord BPK
041 0# - KOD JĘZYKA
Kod języka tekstu pol
080 ## - UNIWERSALNA KLASYFIKACJA DZIESIĘTNA - UKD
UKD 0/9(03)
920 ## - Międzynarodowy znormalizowany numer książki – ISBN
ISBN 83-01-11965-9 (t. 2)
920 ## - Międzynarodowy znormalizowany numer książki – ISBN
ISBN 83-01-11097-X (6 t.)
008 - POLE O STAŁEJ DŁUGOŚCI - DANE KONTROLNE
podpole kontrolne o stałej długości s pl f |000 0 pol
245 00 - TYTUŁ/ODPOWIEDZIALNOŚĆ
Tytuł Nowa encyklopedia powszechna PWN /
Pozostałe elementy strefy tytułu i oznaczenia odpowiedzialności [red. prowadzący Dariusz Kalisiewicz.
Oznaczenie części/sekcji dzieła T. 2],
Tytuł części/sekcji dzieła D-H.
260 ## - STREFA ADRESU WYDAWNICZEGO
Miejsce wydania Warszawa :
Nazwa wydawcy/dystrybutora Wydaw. Naukowe PWN,
Data publikacji, dystrybucji/powstania dokumentu 1995.
300 ## - STREFA OPISU FIZYCZNEGO
Objętość 830, [2] s. :
Inne cechy fizyczne il. (gł. kolor.), faks., fot., mapy, nuty, portr., rys., wykr. ;
Rozmiary 31 cm.
650 #9 - HASŁO PRZEDMIOTOWE W FORMIE NAZWY OGÓLNEJ LUB JEDNOSTKOWEJ
Nazwa ogólna lub geograficzna Encyklopedia
700 1# - HASŁO DODATKOWE - NAZWA OSOBOWA
Nazwa osobowa KALISIEWICZ, Dariusz.
Określenie związku między hasłem a opisywanym materiałem Red.
856 ## - LOKALIZACJA I DOSTĘP DO ELEKTRONICZNYCH DOKUMENTÓW ZDALNYCH
Link (URL) http://koha.tu.koszalin.pl/cgi-bin/koha/opac-detail.pl?biblionumber=30971
Tekst linku Katalog online BPK
942 ## - DODATKOWE ELEMENTY (KOHA)
Typ dokumentu Książka
Egzemplarze
Wycofany Status egzemplarza Uszkodzony Dostępność Lokalizacja stała Lokalizacja bieżąca Miejsce przechowywania Sygnatura Kod kreskowy Dział Typ dokumentu
      Tylko na miejscu Biblioteka Politechniki Koszalińskiej Biblioteka Politechniki Koszalińskiej Czytelnia Wydziałowa ul. Kwiatkowskiego 6e 37975 01881677 0/9(03) Encyklopedie. Słowniki Książka
© 2023 Biblioteka Politechniki Koszalińskiej :: KOHA